| 000 | 00468ntaaa2200193 4500 | ||
|---|---|---|---|
| 003 | 01 | ||
| 005 | 20251027202924.0 | ||
| 008 | 0714s1973 ag 01 | ||
| 040 |
_aAR-BaBN _bspa _cAR-BaBN _eaacr _dRIC |
||
| 082 | _a922.0000 Y33 | ||
| 100 |
_aBryan, F. Catharine _929747 |
||
| 245 | _aAt the gates | ||
| 250 | _a1 ed. | ||
| 260 |
_aNashville : _bBroadman Press, _cc1949 |
||
| 300 | _axxii, 374 p | ||
| 650 |
_abiografĂa _91311 |
||
| 650 |
_aYates _929748 |
||
| 942 | _cBK | ||
| 999 |
_c24464 _d24464 |
||